{"text_format":"3","workbook":"xls","n_sheets":8,"sheets":["E14 单位工程招标控制价汇总表","E183 分部分项工程项目清单与措施项目清单计价表（分部+子目）","E20 总价措施项目清单计费表","E21 绿色施工安全防护措施项目费计价表（招投标）","E23 其他项目清单与计价汇总表","E26 专业工程分部分项工程暂估价及结算价表","E29 部分其他项目费计价表","E40 人工、材料、机械汇总表"],"read":"whole","date_system":"1900","formulas":"cached_only"}

{"sheet":"E14 单位工程招标控制价汇总表","index":0,"n_rows":28,"n_cols":6,"rows_kept":28,"merged":[[0,0,0,5],[1,0,1,4],[26,0,26,1]],"flags":["formulas_cached_only"]}
["E.14：单位工程招标控制价汇总表","","","","",""]
["工程名称：建筑工程 标段：","","","","","第1页 共1页"]
["序号","工程内容","计费基础说明","费率 %","金额","其中：\n暂估价(元)"]
["一","分部分项工程费","分部分项费用合计","",76247.57,{"v":0,"d":"0.00"}]
["1","直接费","","",76246.73,{"v":0,"d":"0.00"}]
["1.1","人工费","","",24053.44,{"v":0,"d":"0.00"}]
["1.2","材料费","","",47606.81,{"v":0,"d":"0.00"}]
["1.2.1","其中:工程设备费/其他","（详见附录C说明第2条规定计算）","",{"v":0,"d":"0.00"},{"v":0,"d":"0.00"}]
["1.3","机械费","","",4586.48,{"v":0,"d":"0.00"}]
["2","管理费","","",{"v":0,"d":"0.00"},{"v":0,"d":"0.00"}]
["3","其他管理费","（按附录C说明第2条规定计算）","",{"v":0,"d":"0.00"},{"v":0,"d":"0.00"}]
["4","利润","","",{"v":0,"d":"0.00"},{"v":0,"d":"0.00"}]
["二","措施项目费","1+2+3","",12327.47,{"v":0,"d":"0.00"}]
["1","单价措施项目费","单价措施项目费合计","",6932.31,{"v":0,"d":"0.00"}]
["1.1","直接费","","",6932.54,{"v":0,"d":"0.00"}]
["1.1.1","人工费","","",4479.23,{"v":0,"d":"0.00"}]
["1.1.2","材料费","","",2231.55,{"v":0,"d":"0.00"}]
["1.1.3","机械费","","",221.76,{"v":0,"d":"0.00"}]
["1.2","管理费","","",{"v":0,"d":"0.00"},{"v":0,"d":"0.00"}]
["1.3","利润","","",{"v":0,"d":"0.00"},{"v":0,"d":"0.00"}]
["2","总价措施项目费","（按E.20总价措施项目计价表计算）","",133.09,{"v":0,"d":"0.00"}]
["3","绿色施工安全防护措施项目费","（按E.21绿色施工安全防护措施费计价表计算）","6.25",5262.07,{"v":0,"d":"0.00"}]
["3.1","其中安全生产费","（按E.21绿色施工安全防护措施费计价表计算）","3.29",2769.96,{"v":0,"d":"0.00"}]
["三","其他项目费","（按E.23其他项目计价汇总表计算）","",10531.45,{"v":0,"d":"0.00"}]
["四","税前造价","一+二+三","",99106.49,{"v":0,"d":"0.00"}]
["五","应纳税额","四","3",2973.19,{"v":0,"d":"0.00"}]
["单位工程建安造价","","四+五",{"v":0,"d":"0.00"},102079.68,{"v":0,"d":"0.00"}]
["","","",{"v":0,"d":"0.00"},{"v":0,"d":"0.00"},{"v":0,"d":"0.00"}]

{"sheet":"E183 分部分项工程项目清单与措施项目清单计价表（分部+子目）","index":1,"n_rows":130,"n_cols":11,"rows_kept":130,"merged":[[0,0,0,8],[1,0,1,6],[1,7,1,8],[2,0,3,0],[2,1,3,1],[2,2,3,2],[2,3,3,3],[2,4,3,4],[2,5,3,5],[2,6,2,8],[5,3,6,3],[7,3,8,3],[9,3,10,3],[11,3,12,3],[13,3,14,3],[15,3,17,3],[18,1,18,6],[19,1,19,6],[20,0,20,8],[21,0,21,8],[22,3,22,5],[22,6,22,8],[23,3,23,5],[23,6,23,8],[24,0,24,8],[25,0,25,6],[25,7,25,8],[26,0,27,0],[26,1,27,1],[26,2,27,2],[26,3,27,3],[26,4,27,4],[26,5,27,5],[26,6,26,8],[29,3,32,3],[33,3,34,3],[35,3,36,3],[37,3,39,3],[41,1,41,6],[42,1,42,6],[43,0,43,8],[44,0,44,8],[45,3,45,5],[45,6,45,8],[46,3,46,5],[46,6,46,8],[47,0,47,8],[48,0,48,6],[48,7,48,8],[49,0,50,0],[49,1,50,1],[49,2,50,2],[49,3,50,3],[49,4,50,4],[49,5,50,5],[49,6,49,8],[52,3,53,3],[54,3,57,3],[58,3,61,3],[63,1,63,6],[64,1,64,6],[65,0,65,8],[66,0,66,8],[67,3,67,5],[67,6,67,8],[68,3,68,5],[68,6,68,8],[69,0,69,8],[70,0,70,6],[70,7,70,8],[71,0,72,0],[71,1,72,1],[71,2,72,2],[71,3,72,3],[71,4,72,4],[71,5,72,5],[71,6,71,8],[74,3,75,3],[76,3,77,3],[78,3,80,3],[81,3,82,3],[83,3,84,3],[86,1,86,6],[87,1,87,6],[88,0,88,8],[89,0,89,8],[90,3,90,5],[90,6,90,8],[91,3,91,5],[91,6,91,8],[92,0,92,8],[93,0,93,6],[93,7,93,8],[94,0,95,0],[94,1,95,1],[94,2,95,2],[94,3,95,3],[94,4,95,4],[94,5,95,5],[94,6,94,8],[97,3,98,3],[99,3,100,3],[101,3,102,3],[103,3,105,3],[106,1,106,6],[107,1,107,6],[108,0,108,8],[109,0,109,8],[110,3,110,5],[110,6,110,8],[111,3,111,5],[111,6,111,8],[112,0,112,8],[113,0,113,6],[113,7,113,8],[114,0,115,0],[114,1,115,1],[114,2,115,2],[114,3,115,3],[114,4,115,4],[114,5,115,5],[114,6,114,8],[117,3,118,3],[119,3,120,3],[121,3,122,3],[123,1,123,6],[124,1,124,6],[125,1,125,6],[126,0,126,8],[127,0,127,8],[128,3,128,5],[128,6,128,8],[129,3,129,5],[129,6,129,8]],"flags":["formulas_cached_only"]}
["E.18：分部分项工程项目清单与措施项目清单计价表","","","","","","","","","",""]
["工程名称：建筑工程  标段：","","","","","","","第1页  共6页","","",""]
["序号","项目编码","项 目 名 称","项 目 特 征 描 述","计量\r\n单位","工程量","金额(元)","","","",""]
["","","","","","","综合单价","合  价","其中：\n暂估价","",""]
["","","分部分项工程费","","",{"v":0,"d":"0.00"},{"v":0,"d":"0.00"},76247.57,{"v":0,"d":"0.00"},"",""]
["1","041001002001","拆除人行道","1.材质:矩形混凝土人行道板300*300*50mm;","m2",{"v":150.6,"d":"150.60"},{"v":21.1,"d":"21.10"},3177.66,{"v":0,"d":"0.00"},"3177.66",""]
["1.1","D10-23","拆除人行道 花岗岩面层 风镐拆除 厚6cm以内","","100㎡",1.506,2110.17,3177.92,{"v":0,"d":"0.00"},"",""]
["2","041001001001","拆除路面","1.材质:混凝土;\r\n2.厚度:15cm;","m2",{"v":40,"d":"40.00"},29.35,{"v":1174,"d":"1174.00"},{"v":0,"d":"0.00"},"1174",""]
["2.1","D10-5","拆除混凝土路面层 风镐拆除 厚15cm内","","100㎡",{"v":0.4,"d":"0.40"},2935.26,{"v":1174.1,"d":"1174.10"},{"v":0,"d":"0.00"},"",""]
["3","010101003001","挖沟槽土方","1.土壤类别:坚土;\r\n2.挖土深度:1.2米以内;\r\n3.弃土运距:1km;","m3",74.97,85.68,6423.43,{"v":0,"d":"0.00"},"6423.43",""]
["3.1","A1-4","人工挖槽、坑土方 深度≤2m 坚土","","100m3",0.7497,8567.68,6423.19,{"v":0,"d":"0.00"},"",""]
["4","010103001001","回填方","1.密实度要求:原土夯填;","m3",45.77,24.94,{"v":1141.5,"d":"1141.50"},{"v":0,"d":"0.00"},"1141.5",""]
["4.1","A1-91","回填土 人工小型机具夯填土 槽、坑","","100m3",0.4577,2493.91,1141.46,{"v":0,"d":"0.00"},"",""]
["5","011601001001","砖砌体拆除","1.砌体名称:砖砌台阶拆除;\r\n2.砌体材质:普通砖;","m3",0.32,135.63,{"v":43.4,"d":"43.40"},{"v":0,"d":"0.00"},"43.4",""]
["5.1","N1-53","砌体拆除 人机配合拆除 实心砖墙（实心砖）","","10m3",0.032,1356.21,{"v":43.4,"d":"43.40"},{"v":0,"d":"0.00"},"",""]
["6","010103002001","余方弃置","1.废弃料品种:土方外运;\r\n2.运距:5km;","m3",{"v":29.2,"d":"29.20"},47.37,{"v":1383.2,"d":"1383.20"},{"v":0,"d":"0.00"},"1383.2",""]
["6.1","A1-5","人工装车 土方","","100m3",0.292,{"v":1335.4,"d":"1335.40"},389.94,{"v":0,"d":"0.00"},"",""]
["6.2","A1-53 + A1-54 *4换","自卸汽车运土方 运距≤1km~实际运距(km):5","","100m3",0.292,1901.51,555.24,{"v":0,"d":"0.00"},"",""]
["","本页合计","","","","","",13343.19,{"v":0,"d":"0.00"},"",""]
["","","","","","","",{"v":0,"d":"0.00"},{"v":0,"d":"0.00"},"",""]
["注：1.本表工程量清单项目综合的消耗量标准与E.19综合单价分析表综合的内容应相同；2.此表用于竣工结算时无暂估价栏。","",{"v":0,"d":"0.00"},{"v":0,"d":"0.00"},"","","","","","",""]
["","","","","","","","","","",""]
["","","","投标人:","","","(盖章)","","","",""]
["","","","法定代表人或委托代理人:","","","(签章或盖章)","","","",""]
["E.18：分部分项工程项目清单与措施项目清单计价表","","","","","","","","","",""]
["工程名称：建筑工程  标段：","","","","","","","第2页  共6页","","",""]
["序号","项目编码","项 目 名 称","项 目 特 征 描 述","计量\r\n单位","工程量","金额(元)","","","",""]
["","","","","","","综合单价","合  价","其中：\n暂估价","",""]
["6.3","BCZM0001","弃土场手续费","","m3",{"v":29.2,"d":"29.20"},{"v":15,"d":"15.00"},{"v":438,"d":"438.00"},{"v":0,"d":"0.00"},"",""]
["7","010103002002","余方弃置","1.废弃料品种:石渣外运;\r\n2.运距:5km;","m3",26.52,56.64,1502.09,{"v":0,"d":"0.00"},"1502.09",""]
["7.1","A1-38","人工装车 石碴","","100m3",0.2652,{"v":1786.4,"d":"1786.40"},473.75,{"v":0,"d":"0.00"},"",""]
["7.2","A1-79 + A1-80 *4换","自卸汽车运石碴 运距≤1km~实际运距(km):5","","100m3",0.2652,2377.77,630.58,{"v":0,"d":"0.00"},"",""]
["7.3","BCZM0001","弃土场手续费","","m3",26.52,{"v":15,"d":"15.00"},{"v":397.8,"d":"397.80"},{"v":0,"d":"0.00"},"",""]
["8","010201001001","换填垫层","1.材料种类及配比:200mm厚碎石垫层;","m3",{"v":12.2,"d":"12.20"},210.65,2569.93,{"v":0,"d":"0.00"},"2569.93",""]
["8.1","A2-6","换填地基 填铺 碎石","","10m3",1.22,2106.54,2569.98,{"v":0,"d":"0.00"},"",""]
["9","010507004001","砖砌台阶","","m2",1.35,155.12,209.41,{"v":0,"d":"0.00"},"209.41",""]
["9.1","A10-7换","室外附属工程 砖砌台阶~使用现拌砂浆~ 换:水泥42.5水泥砂浆 M7.5~ 换:灰浆搅拌机 拌筒容量(L) 200小型","","10㎡",0.135,1551.19,209.41,{"v":0,"d":"0.00"},"",""]
["10","010503001001","基础梁","1.混凝土种类:商品混凝土;\r\n2.混凝土强度等级:C30;\r\n3.包含泵送费用;","m3",{"v":18.9,"d":"18.90"},503.58,9517.66,{"v":0,"d":"0.00"},"9517.66",""]
["10.1","A5-95","现浇混凝土梁 基础梁","","10m3",1.89,4798.28,9068.75,{"v":0,"d":"0.00"},"",""]
["10.2","A5-129","混凝土泵送费 檐高(m以内) 50","","10m3",1.89,237.49,448.86,{"v":0,"d":"0.00"},"",""]
["11","010515001003","现浇构件钢筋","1.钢筋种类、规格:HRB400 直径8mm;","t",0.604,5832.12,{"v":3522.6,"d":"3522.60"},{"v":0,"d":"0.00"},"3522.6",""]
["","本页合计","","","","","",17321.69,{"v":0,"d":"0.00"},"",""]
["","","","","","","",{"v":0,"d":"0.00"},{"v":0,"d":"0.00"},"",""]
["注：1.本表工程量清单项目综合的消耗量标准与E.19综合单价分析表综合的内容应相同；2.此表用于竣工结算时无暂估价栏。","",{"v":0,"d":"0.00"},{"v":0,"d":"0.00"},"","","","","","",""]
["","","","","","","","","","",""]
["","","","投标人:","","","(盖章)","","","",""]
["","","","法定代表人或委托代理人:","","","(签章或盖章)","","","",""]
["E.18：分部分项工程项目清单与措施项目清单计价表","","","","","","","","","",""]
["工程名称：建筑工程  标段：","","","","","","","第3页  共6页","","",""]
["序号","项目编码","项 目 名 称","项 目 特 征 描 述","计量\r\n单位","工程量","金额(元)","","","",""]
["","","","","","","综合单价","合  价","其中：\n暂估价","",""]
["11.1","A5-15","普通钢筋 带肋钢筋 直径(mm) 8","","t",0.604,5832.12,{"v":3522.6,"d":"3522.60"},{"v":0,"d":"0.00"},"",""]
["12","010515001002","现浇构件钢筋","1.钢筋种类、规格:HRB400 直径14mm;","t",1.302,5425.03,7063.39,{"v":0,"d":"0.00"},"7063.39",""]
["12.1","A5-18","普通钢筋 带肋钢筋 直径(mm) 14","","t",1.302,5425.03,7063.39,{"v":0,"d":"0.00"},"",""]
["13","010603003001","钢管柱","1.40*40*2.5镀锌方钢","t",0.494,{"v":8340.2,"d":"8340.20"},4120.06,{"v":0,"d":"0.00"},"4120.06",""]
["13.1","A6-12换","钢柱制作 轻钢结构件 钢管柱 159mm以内~ 换:40*40*2.5镀锌方钢","","t",0.494,7205.52,3559.53,{"v":0,"d":"0.00"},"",""]
["13.2","A6-140","钢结构件运输 1类 金属构件运输(市内) 运距5km以内","","10t",0.0494,1406.73,69.49,{"v":0,"d":"0.00"},"",""]
["13.3","A6-150","钢柱安装 单体(t以内) 4","","t",0.494,994.01,491.04,{"v":0,"d":"0.00"},"",""]
["14","010606002001","钢檩条","1.40*40*1.5镀锌方钢","t",0.562,8414.07,4728.71,{"v":0,"d":"0.00"},"4728.71",""]
["14.1","A6-40换","屋盖及支撑 钢檩条 组成式~ 换:40*40*1.5钢管","","t",0.562,{"v":7723.6,"d":"7723.60"},4340.66,{"v":0,"d":"0.00"},"",""]
["14.2","A6-140","钢结构件运输 1类 金属构件运输(市内) 运距5km以内","","10t",0.0562,1406.73,79.06,{"v":0,"d":"0.00"},"",""]
["14.3","A6-181","钢檩条安装 单体(t以内) 0.3","","t",0.562,549.81,308.99,{"v":0,"d":"0.00"},"",""]
["15","010901001001","瓦屋面","1.红色树脂瓦屋面","m2",{"v":146.3,"d":"146.30"},69.34,10144.44,{"v":0,"d":"0.00"},"10144.44",""]
["","本页合计","","","","","",{"v":26056.6,"d":"26056.60"},{"v":0,"d":"0.00"},"",""]
["","","","","","","",{"v":0,"d":"0.00"},{"v":0,"d":"0.00"},"",""]
["注：1.本表工程量清单项目综合的消耗量标准与E.19综合单价分析表综合的内容应相同；2.此表用于竣工结算时无暂估价栏。","",{"v":0,"d":"0.00"},{"v":0,"d":"0.00"},"","","","","","",""]
["","","","","","","","","","",""]
["","","","投标人:","","","(盖章)","","","",""]
["","","","法定代表人或委托代理人:","","","(签章或盖章)","","","",""]
["E.18：分部分项工程项目清单与措施项目清单计价表","","","","","","","","","",""]
["工程名称：建筑工程  标段：","","","","","","","第4页  共6页","","",""]
["序号","项目编码","项 目 名 称","项 目 特 征 描 述","计量\r\n单位","工程量","金额(元)","","","",""]
["","","","","","","综合单价","合  价","其中：\n暂估价","",""]
["15.1","A8-5","瓦屋面 合成树脂瓦 屋面板上或椽子挂瓦条上铺设","","100㎡",1.463,6933.71,10144.02,{"v":0,"d":"0.00"},"",""]
["16","010902007001","屋面天沟、檐沟","1.屋面排水 镀锌铁皮件排水 檐沟;","m",{"v":70,"d":"70.00"},19.93,{"v":1395.1,"d":"1395.10"},{"v":0,"d":"0.00"},"1395.1",""]
["16.1","A8-58","屋面排水 镀锌铁皮件排水 檐沟","","100m",{"v":0.7,"d":"0.70"},1992.72,{"v":1394.9,"d":"1394.90"},{"v":0,"d":"0.00"},"",""]
["17","010902004001","屋面排水管","1.排水管品种、规格:PVC-DN110;","m",{"v":12.8,"d":"12.80"},93.91,1202.05,{"v":0,"d":"0.00"},"1202.05",""]
["17.1","A8-61","屋面排水 屋面排水 PVC塑料 排水管 φ＞110mm","","10m",1.28,939.09,1202.04,{"v":0,"d":"0.00"},"",""]
["18","040203007001","水泥混凝土","1.混凝土强度等级:C25;\r\n2.厚度:15cm;","m2",{"v":40,"d":"40.00"},83.51,{"v":3340.4,"d":"3340.40"},{"v":0,"d":"0.00"},"3340.4",""]
["18.1","A10-21","室外道路 面层 混凝土面层","","10m3",{"v":0.6,"d":"0.60"},5430.54,3258.32,{"v":0,"d":"0.00"},"",""]
["18.2","A10-22","室外道路 面层 混凝土路面养护","","100m2",{"v":0.4,"d":"0.40"},204.96,81.98,{"v":0,"d":"0.00"},"",""]
["19","040204002001","人行道块料铺设","1.块料品种、规格:1500*500*50mm花岗岩板;","m2",{"v":9,"d":"9.00"},266.71,2400.39,{"v":0,"d":"0.00"},"2400.39",""]
["19.1","F2-13","块料面层 汀步板面层(5-10cm）","","10㎡",{"v":0.9,"d":"0.90"},2667.14,2400.43,{"v":0,"d":"0.00"},"",""]
["20","040204002002","人行道块料铺设","1.块料品种、规格:300*300*10mm花岗岩板;","m2",{"v":48,"d":"48.00"},87.69,4209.12,{"v":0,"d":"0.00"},"4209.12",""]
["20.1","D2-153换","人行道板安砌 预制块料人行道板 矩形~ 换:300*300*10mm花岗岩板","","100㎡",0.48,8768.57,4208.91,{"v":0,"d":"0.00"},"",""]
["21","011107001001","石材台阶面","1.找平层厚度、砂浆配合比:火烧板台阶面;\r\n","m2",2.025,240.27,486.55,{"v":0,"d":"0.00"},"486.55",""]
["","本页合计","","","","","",13033.61,{"v":0,"d":"0.00"},"",""]
["","","","","","","",{"v":0,"d":"0.00"},{"v":0,"d":"0.00"},"",""]
["注：1.本表工程量清单项目综合的消耗量标准与E.19综合单价分析表综合的内容应相同；2.此表用于竣工结算时无暂估价栏。","",{"v":0,"d":"0.00"},{"v":0,"d":"0.00"},"","","","","","",""]
["","","","","","","","","","",""]
["","","","投标人:","","","(盖章)","","","",""]
["","","","法定代表人或委托代理人:","","","(签章或盖章)","","","",""]
["E.18：分部分项工程项目清单与措施项目清单计价表","","","","","","","","","",""]
["工程名称：建筑工程  标段：","","","","","","","第5页  共6页","","",""]
["序号","项目编码","项 目 名 称","项 目 特 征 描 述","计量\r\n单位","工程量","金额(元)","","","",""]
["","","","","","","综合单价","合  价","其中：\n暂估价","",""]
["21.1","A11-180换","楼梯、台阶面层 石材 台阶 水泥砂浆~ 换:水泥砂浆 1：3~ 换:灰浆搅拌机 拌筒容量(L) 200小型~ 换:火烧板台阶","2.粘结材料种类:20厚1：3水泥砂浆;\r\n","100㎡",0.02025,24027.05,486.55,{"v":0,"d":"0.00"},"",""]
["22","030408001001","电力电缆【主材利旧】","1.铜芯电力电缆敷设 电缆（截面mm2以下） 185~实际芯数(适用于5芯及以上电缆):5;","m",{"v":80,"d":"80.00"},25.92,{"v":2073.6,"d":"2073.60"},{"v":0,"d":"0.00"},"2073.6",""]
["22.1","C4-759换","铜芯电力电缆敷设 电缆（截面mm2以下） 185~实际芯数(适用于5芯及以上电缆):5","","100m",{"v":0.8,"d":"0.80"},2591.93,2073.54,{"v":0,"d":"0.00"},"",""]
["23","030411001001","配管","1.名称:配管;\r\n2.材质:PVC-DN75;\r\n3.配置形式:埋地;","m",{"v":80,"d":"80.00"},24.19,{"v":1935.2,"d":"1935.20"},{"v":0,"d":"0.00"},"1935.2",""]
["23.1","C4-1373","半硬质阻燃管埋地敷设 公称直径（mm以内） 70","","100m",{"v":0.8,"d":"0.80"},2418.76,1935.01,{"v":0,"d":"0.00"},"",""]
["24","011206002001","块料零星项目","1.基层类型、部位:基础梁漏出地面5cm;\r\n2.面层材料品种、规格、颜色:20厚1:3水泥砂浆，瓷砖;","m2",1.96,155.55,304.88,{"v":0,"d":"0.00"},"304.88",""]
["24.1","A12-63换","瓷板152×152 水泥砂浆粘贴 零星项目~使用现拌砂浆~ 换:水泥砂浆 1：3","","100㎡",0.0196,15555.18,304.88,{"v":0,"d":"0.00"},"",""]
["25","031001006001","塑料管","1.安装部位:室外;\r\n2.介质:给水;\r\n3.材质、规格:PPR-DN25;\r\n4.连接形式:热熔;","m",{"v":40,"d":"40.00"},20.23,{"v":809.2,"d":"809.20"},{"v":0,"d":"0.00"},"809.2",""]
["25.1","C10-37","室外管道安装 塑料给水管(热熔连接) 公称外径(mm以内) 32","","10m",{"v":4,"d":"4.00"},164.96,659.84,{"v":0,"d":"0.00"},"",""]
["25.2","C10-568","管道消毒、冲洗 公称直径(mm以内) 25","","100m",{"v":0.4,"d":"0.40"},54.79,21.92,{"v":0,"d":"0.00"},"",""]
["","本页合计","","","","","",5122.88,{"v":0,"d":"0.00"},"",""]
["","","","","","","",{"v":0,"d":"0.00"},{"v":0,"d":"0.00"},"",""]
["注：1.本表工程量清单项目综合的消耗量标准与E.19综合单价分析表综合的内容应相同；2.此表用于竣工结算时无暂估价栏。","",{"v":0,"d":"0.00"},{"v":0,"d":"0.00"},"","","","","","",""]
["","","","","","","","","","",""]
["","","","投标人:","","","(盖章)","","","",""]
["","","","法定代表人或委托代理人:","","","(签章或盖章)","","","",""]
["E.18：分部分项工程项目清单与措施项目清单计价表","","","","","","","","","",""]
["工程名称：建筑工程  标段：","","","","","","","第6页  共6页","","",""]
["序号","项目编码","项 目 名 称","项 目 特 征 描 述","计量\r\n单位","工程量","金额(元)","","","",""]
["","","","","","","综合单价","合  价","其中：\n暂估价","",""]
["25.3","C10-586","管道压力试验 公称直径(mm以内) 25","","100m",{"v":0.4,"d":"0.40"},318.86,127.54,{"v":0,"d":"0.00"},"",""]
["26","031001006002","塑料管","1.安装部位:室外;\r\n2.介质:污水;\r\n3.材质、规格:PVC-DN75;\r\n4.连接形式:粘接;","m",{"v":40,"d":"40.00"},25.49,{"v":1019.6,"d":"1019.60"},{"v":0,"d":"0.00"},"1019.6",""]
["26.1","C10-194","室外管道安装 塑料排水管(胶粘接口) 公称外径(mm) 75","","10m",{"v":4,"d":"4.00"},254.93,1019.72,{"v":0,"d":"0.00"},"",""]
["27","040205001001","手孔井修补","300*300mm手孔井更换不锈钢盖板","座",{"v":1,"d":"1.00"},{"v":350,"d":"350.00"},{"v":350,"d":"350.00"},{"v":0,"d":"0.00"},"350",""]
["27.1","BCZM0002","手孔井修补","","座",{"v":1,"d":"1.00"},{"v":350,"d":"350.00"},{"v":350,"d":"350.00"},{"v":0,"d":"0.00"},"",""]
["28","011702005001","基础梁","现浇混凝土模板 基础梁 木模板 木支撑","m2",{"v":115.5,"d":"115.50"},60.02,6932.31,{"v":0,"d":"0.00"},"6932.31",""]
["28.1","A19-22","现浇混凝土模板 基础梁 木模板 木支撑","","100㎡",1.155,{"v":6002.2,"d":"6002.20"},6932.54,{"v":0,"d":"0.00"},"",""]
["","","","","","","",{"v":0,"d":"0.00"},{"v":0,"d":"0.00"},"",""]
["","本页合计","","","","","",8301.91,{"v":0,"d":"0.00"},"6932.31",""]
["","合    计","","","","","",83179.88,{"v":0,"d":"0.00"},"",""]
["注：1.本表工程量清单项目综合的消耗量标准与E.19综合单价分析表综合的内容应相同；2.此表用于竣工结算时无暂估价栏。","",{"v":0,"d":"0.00"},{"v":0,"d":"0.00"},"","","","","","",""]
["","","","","","","","","","",""]
["","","","投标人:","","","(盖章)","","","",""]
["","","","法定代表人或委托代理人:","","","(签章或盖章)","","","",""]

{"sheet":"E20 总价措施项目清单计费表","index":2,"n_rows":11,"n_cols":8,"rows_kept":11,"merged":[[0,0,0,7],[1,0,1,5],[1,6,1,7],[2,3,2,4],[3,3,3,4],[4,0,4,5],[5,0,5,7],[7,4,7,5],[7,6,7,7],[8,4,8,5],[8,6,8,7],[9,4,9,5],[9,6,9,7],[10,4,10,5],[10,6,10,7]],"flags":["formulas_cached_only"]}
["E.20： 总价措施项目清单计费表","","","","","","",""]
["工程名称：建筑工程  标段：","","","","","","第1页  共1页",""]
["序号","项目编号","项目名称","计算基础","","费  率(%)","金  额(元)","备注"]
["1","011707005001","冬雨季施工增加费","分部分项工程费+单价措施费","","0.16",133.09,""]
[{"v":0,"d":"0.00"},{"v":0,"d":"0.00"},{"v":0,"d":"0.00"},{"v":0,"d":"0.00"},{"v":0,"d":"0.00"},{"v":0,"d":"0.00"},133.09,""]
["注：按施工方案计算的措施费,若无“计算基础”和“费率”的数值，也可只填“金额”数值，但应在备注栏说明施工方案出处或计算方法。","","","","","","",""]
["","","","","","","",""]
["","","","","投标人:","","(盖章)",""]
["","","","","法定代表人或委托代理人:","","(签章或盖章)",""]
["","","","",{"v":0,"d":"0.00"},{"v":0,"d":"0.00"},"(签字并盖造价工程师执业专业章)",""]
["","","","",{"v":0,"d":"0.00"},{"v":0,"d":"0.00"},"",""]

{"sheet":"E21 绿色施工安全防护措施项目费计价表（招投标）","index":3,"n_rows":31,"n_cols":6,"rows_kept":31,"merged":[[0,0,0,5],[1,0,1,4]],"flags":["formulas_cached_only"]}
["E.21：绿色施工安全防护措施项目费计价表（招投标）","","","","",""]
["工程名称:建筑工程  标段:","","","","","第1页 共1页"]
["序号","工程内容","计费基数","费率(%)","金额\n（元）","备注"]
["一","绿色施工安全防护措施项目费","直接费","6.25",5262.07,"按附录C说明及表4相应总费率标准计算"]
["其中：","安全生产费","直接费","3.29",2769.96,"按附录C说明及表4相应总费率标准计算"]
["","","","",{"v":0,"d":"0.00"},""]
["","","","",{"v":0,"d":"0.00"},""]
["","","","",{"v":0,"d":"0.00"},""]
["","","","",{"v":0,"d":"0.00"},""]
["","","","",{"v":0,"d":"0.00"},""]
["","","","",{"v":0,"d":"0.00"},""]
["","","","",{"v":0,"d":"0.00"},""]
["","","","",{"v":0,"d":"0.00"},""]
["","","","",{"v":0,"d":"0.00"},""]
["","","","",{"v":0,"d":"0.00"},""]
["","","","",{"v":0,"d":"0.00"},""]
["","","","",{"v":0,"d":"0.00"},""]
["","","","",{"v":0,"d":"0.00"},""]
["","","","",{"v":0,"d":"0.00"},""]
["","","","",{"v":0,"d":"0.00"},""]
["","","","",{"v":0,"d":"0.00"},""]
["","","","",{"v":0,"d":"0.00"},""]
["","","","",{"v":0,"d":"0.00"},""]
["","","","",{"v":0,"d":"0.00"},""]
["","","","",{"v":0,"d":"0.00"},""]
["","","","",{"v":0,"d":"0.00"},""]
["","","","",{"v":0,"d":"0.00"},""]
["","","","",{"v":0,"d":"0.00"},""]
["","","","",{"v":0,"d":"0.00"},""]
["","","","",{"v":0,"d":"0.00"},""]
["","","","",{"v":0,"d":"0.00"},""]

{"sheet":"E23 其他项目清单与计价汇总表","index":4,"n_rows":22,"n_cols":6,"rows_kept":22,"merged":[[0,0,0,5],[1,0,1,4],[14,2,14,3],[16,0,16,5],[17,0,17,3],[18,1,18,3],[18,4,18,5],[19,1,19,3],[19,4,19,5],[20,1,20,3],[20,4,20,5],[21,1,21,3],[21,4,21,5]],"flags":["formulas_cached_only"]}
["E.23：其他项目清单与计价汇总表","","","","",""]
["工程名称：建筑工程 标段：","","","","","第1页 共1页"]
["序号","项目名称","计费基础/单价","费率/数量","合计金额(元)","备注"]
["1","暂列金额","","",{"v":0,"d":"0.00"},"明细详见E.24表"]
["2","暂估价","","",{"v":10000,"d":"10000.00"},""]
["2.1","材料（工程设备）暂估价","","",{"v":0,"d":"0.00"},"明细详见E.25表"]
["2.2","专业工程暂估价","","",{"v":10000,"d":"10000.00"},"明细详见E.25表"]
["2.3","分部分项工程暂估价","","",{"v":0,"d":"0.00"},"按招标文件规定或合同约定明细详见E.26表"]
["3","计日工","","",{"v":0,"d":"0.00"},"明细详见E.27表"]
["4","总承包服务费","","",{"v":0,"d":"0.00"},"明细详见E.28表"]
["5","优质工程增加费","","",{"v":0,"d":"0.00"},"明细详见E.29表"]
["6","安全责任险、环境保护税","","0.6",531.45,"明细详见E.29表"]
["7","提前竣工措施增加费","","",{"v":0,"d":"0.00"},"明细详见E.29表"]
["8","索赔签证","","",{"v":0,"d":"0.00"},"明细详见E.30表"]
["9","其他项目费合计",{"v":0,"d":"0.00"},{"v":0,"d":"0.00"},10531.45,{"v":0,"d":"0.00"}]
["","",{"v":0,"d":"0.00"},{"v":0,"d":"0.00"},"",{"v":0,"d":"0.00"}]
["注：材料暂估单价进入清单项目综合单价，此处不汇总。","","","","",""]
["","","","","",""]
["","投标人:","","","(盖章)",""]
["","法定代表人或委托代理人:","","","(签章或盖章)",""]
["","注册造价工程师:","","",{"v":0,"d":"0.00"},{"v":0,"d":"0.00"}]
["","编制时间:","","",{"v":0,"d":"0.00"},{"v":0,"d":"0.00"}]

{"sheet":"E26 专业工程分部分项工程暂估价及结算价表","index":5,"n_rows":23,"n_cols":8,"rows_kept":23,"merged":[[0,0,0,6],[1,0,1,4],[1,5,1,6],[21,0,21,2],[22,0,22,6]],"flags":["formulas_cached_only"]}
["E.26：专业工程/分部分项工程 暂估价及结算价表","","","","","","",""]
["工程名称：建筑工程  标段：","","","","","第1页 共1页","",""]
["序号","工程名称","工程内容","暂估金额(元)","结算金额(元)","差额±(元)","备注",""]
["","专业工程暂估价","",{"v":10000,"d":"10000.00"},{"v":0,"d":"0.00"},{"v":0,"d":"0.00"},"","招标控制价"]
["1","吊车安装箱体费","",{"v":10000,"d":"10000.00"},{"v":0,"d":"0.00"},{"v":0,"d":"0.00"},"","招标控制价"]
["2","","",{"v":0,"d":"0.00"},{"v":0,"d":"0.00"},{"v":0,"d":"0.00"},"","招标控制价"]
["3","","",{"v":0,"d":"0.00"},{"v":0,"d":"0.00"},{"v":0,"d":"0.00"},"","招标控制价"]
["4","","",{"v":0,"d":"0.00"},{"v":0,"d":"0.00"},{"v":0,"d":"0.00"},"","招标控制价"]
["5","","",{"v":0,"d":"0.00"},{"v":0,"d":"0.00"},{"v":0,"d":"0.00"},"","招标控制价"]
["6","","",{"v":0,"d":"0.00"},{"v":0,"d":"0.00"},{"v":0,"d":"0.00"},"","招标控制价"]
["7","","",{"v":0,"d":"0.00"},{"v":0,"d":"0.00"},{"v":0,"d":"0.00"},"","招标控制价"]
["8","","",{"v":0,"d":"0.00"},{"v":0,"d":"0.00"},{"v":0,"d":"0.00"},"","招标控制价"]
["","分部分项工程暂估价","",{"v":0,"d":"0.00"},{"v":0,"d":"0.00"},{"v":0,"d":"0.00"},"","招标控制价"]
["1","","",{"v":0,"d":"0.00"},{"v":0,"d":"0.00"},{"v":0,"d":"0.00"},"","招标控制价"]
["2","","",{"v":0,"d":"0.00"},{"v":0,"d":"0.00"},{"v":0,"d":"0.00"},"","招标控制价"]
["3","","",{"v":0,"d":"0.00"},{"v":0,"d":"0.00"},{"v":0,"d":"0.00"},"","招标控制价"]
["4","","",{"v":0,"d":"0.00"},{"v":0,"d":"0.00"},{"v":0,"d":"0.00"},"","招标控制价"]
["5","","",{"v":0,"d":"0.00"},{"v":0,"d":"0.00"},{"v":0,"d":"0.00"},"","招标控制价"]
["6","","",{"v":0,"d":"0.00"},{"v":0,"d":"0.00"},{"v":0,"d":"0.00"},"","招标控制价"]
["7","","",{"v":0,"d":"0.00"},{"v":0,"d":"0.00"},{"v":0,"d":"0.00"},"","招标控制价"]
["8","","",{"v":0,"d":"0.00"},{"v":0,"d":"0.00"},{"v":0,"d":"0.00"},"","招标控制价"]
["合    计","","",{"v":10000,"d":"10000.00"},{"v":0,"d":"0.00"},{"v":0,"d":"0.00"},"",""]
["注：此表“暂估金额”由招标人填写，投标人应将“暂估金额”计入投标总价中。结算时按合同约定结算金额填写。","","",{"v":0,"d":"0.00"},{"v":0,"d":"0.00"},{"v":0,"d":"0.00"},"",""]

{"sheet":"E29 部分其他项目费计价表","index":6,"n_rows":14,"n_cols":6,"rows_kept":14,"merged":[[0,0,0,5],[1,0,1,4],[8,0,8,5],[9,0,9,3],[10,1,10,3],[10,4,10,5],[11,1,11,3],[11,4,11,5],[12,1,12,3],[12,4,12,5],[13,1,13,3],[13,4,13,5]],"flags":["formulas_cached_only"]}
["E.29：部分其他项目费计价表","","","","",""]
["工程名称：建筑工程 标段：","","","","","第1页 共1页"]
["序号","项目名称","计算基数","费率(%)","金额(元)","备注"]
["1","优质工程增加费","（分部分项工程费 + 措施项目费）","",{"v":0,"d":"0.00"},"详附录D说明"]
["2","安全责任险、环境保护税","（分部分项工程费 + 措施项目费）","0.6",531.45,"详见附录C表6"]
["3","提前竣工措施增加费","（按合同约定）","",{"v":0,"d":"0.00"},""]
["","合 计",{"v":0,"d":"0.00"},{"v":0,"d":"0.00"},531.45,{"v":0,"d":"0.00"}]
["","",{"v":0,"d":"0.00"},{"v":0,"d":"0.00"},"",{"v":0,"d":"0.00"}]
["注：环境保护税、安全责任险招投标时按计费基数及费率暂估，结算与取定不同时，可按实调整。","","","","",""]
["","","","","",""]
["","投标人:","","","(盖章)",""]
["","法定代表人或委托代理人:","","","(签章或盖章)",""]
["","注册造价工程师:","","",{"v":0,"d":"0.00"},{"v":0,"d":"0.00"}]
["","编制时间:","","",{"v":0,"d":"0.00"},{"v":0,"d":"0.00"}]

{"sheet":"E40 人工、材料、机械汇总表","index":7,"n_rows":210,"n_cols":9,"rows_kept":210,"merged":[[0,0,0,8],[1,0,1,6],[1,7,1,8],[30,1,30,2],[31,1,31,2],[32,0,32,8],[34,3,34,5],[34,6,34,8],[35,3,35,5],[35,6,35,8],[36,3,36,5],[36,6,36,8],[37,3,37,5],[37,6,37,8],[39,0,39,8],[40,0,40,6],[40,7,40,8],[70,1,70,2],[71,1,71,2],[72,0,72,8],[74,3,74,5],[74,6,74,8],[75,3,75,5],[75,6,75,8],[76,3,76,5],[76,6,76,8],[77,3,77,5],[77,6,77,8],[79,0,79,8],[80,0,80,6],[80,7,80,8],[109,1,109,2],[110,1,110,2],[111,0,111,8],[113,3,113,5],[113,6,113,8],[114,3,114,5],[114,6,114,8],[115,3,115,5],[115,6,115,8],[116,3,116,5],[116,6,116,8],[118,0,118,8],[119,0,119,6],[119,7,119,8],[142,1,142,2],[143,1,143,2],[144,0,144,8],[146,3,146,5],[146,6,146,8],[147,3,147,5],[147,6,147,8],[148,3,148,5],[148,6,148,8],[149,3,149,5],[149,6,149,8],[151,0,151,8],[152,0,152,6],[152,7,152,8],[175,1,175,2],[176,1,176,2],[177,0,177,8],[179,3,179,5],[179,6,179,8],[180,3,180,5],[180,6,180,8],[181,3,181,5],[181,6,181,8],[182,3,182,5],[182,6,182,8],[184,0,184,8],[185,0,185,6],[185,7,185,8],[200,1,200,2],[201,1,201,2],[202,1,202,2],[203,0,203,8],[205,3,205,5],[205,6,205,8],[206,3,206,5],[206,6,206,8],[207,3,207,5],[207,6,207,8],[208,3,208,5],[208,6,208,8]],"flags":["formulas_cached_only"]}
["E.40：人工、材料、机械汇总表","","","","","","","",""]
["工程名称：建筑工程 标段：","","","","","","","第1页、共6页",""]
["序号","编码","名称(材料、机械规格型号)","单位","数量","单价\n(元)","","合价(元)","备注"]
["1","H00001","人工费 ","元",28532.662,{"v":1,"d":"1.00"},{"v":0,"d":"0.00"},28532.66,""]
["2","01010300005","螺纹钢筋 HRB400 Φ8 ","kg",616.08,4.03,{"v":0,"d":"0.00"},{"v":2482.8,"d":"2482.80"},""]
["3","01010300008","螺纹钢筋 HRB400 Φ14 ","kg",1334.55,4.133,{"v":0,"d":"0.00"},{"v":5515.7,"d":"5515.70"},""]
["4","01050100005","钢丝绳 Φ12 ","kg",1.62,{"v":7.5,"d":"7.50"},{"v":0,"d":"0.00"},12.15,""]
["5","01090100001","圆钢 综合 ","kg",174.22,4.766,{"v":0,"d":"0.00"},830.33,""]
["6","01150300001","六角空心钢 ","kg",0.973,9.251,{"v":0,"d":"0.00"},{"v":9,"d":"9.00"},""]
["7","01210100006~1","40*40*1.5钢管 ","kg",382.16,5.878,{"v":0,"d":"0.00"},2246.34,""]
["8","01290100003","热轧钢板 综合 ","kg",39.34,4.145,{"v":0,"d":"0.00"},163.06,""]
["9","01290100003~3","40*40*2.5镀锌方钢 ","kg",{"v":98.8,"d":"98.80"},5.878,{"v":0,"d":"0.00"},580.75,""]
["10","01290200011","热轧中钢板 δ8.0mm-15mm ","kg",0.137,4.145,{"v":0,"d":"0.00"},0.57,""]
["11","02010100002","橡胶板 1mm-3mm ","kg",0.226,4.066,{"v":0,"d":"0.00"},0.92,""]
["12","02090300001","单层养护膜 ","m2",60.036,1.242,{"v":0,"d":"0.00"},74.56,""]
["13","02290500004","麻绳 ","kg",0.028,9.477,{"v":0,"d":"0.00"},0.27,""]
["14","03010500064","镀锌精制螺栓 M10×100以内 2平 1弹垫 ","套",32.053,0.61,{"v":0,"d":"0.00"},19.55,""]
["15","03010500150","六角螺栓 综合 ","kg",0.017,6.867,{"v":0,"d":"0.00"},0.12,""]
["16","03010500229","螺栓 综合 ","套",7.672,0.599,{"v":0,"d":"0.00"},{"v":4.6,"d":"4.60"},""]
["17","03110700008","铁砂布 ","张",0.648,1.096,{"v":0,"d":"0.00"},0.71,""]
["18","03130100006","低合金钢焊条 E43 系列 ","kg",1.069,29.988,{"v":0,"d":"0.00"},32.06,""]
["19","03130100019","低碳钢焊条 综合 ","kg",45.381,{"v":6.8,"d":"6.80"},{"v":0,"d":"0.00"},308.59,""]
["20","03130100021","低碳钢焊条 J422 Φ3.2 ","kg",0.007,{"v":6.8,"d":"6.80"},{"v":0,"d":"0.00"},0.05,""]
["21","03130200008","焊丝 Φ3.2 ","kg",0.916,8.697,{"v":0,"d":"0.00"},7.97,""]
["22","03130600014","合金钢钻头 一字形 ","个",0.605,34.981,{"v":0,"d":"0.00"},21.16,""]
["23","03130700001","锯条 综合 ","根",1.976,0.655,{"v":0,"d":"0.00"},1.29,""]
["24","03130700007","石料切割锯片 ","片",0.049,39.984,{"v":0,"d":"0.00"},1.96,""]
["25","03210100038","圆钉 ","kg",1.45,7.342,{"v":0,"d":"0.00"},10.65,""]
["26","03210100040","圆钉 L50-75 ","kg",21.649,7.342,{"v":0,"d":"0.00"},158.95,""]
["27","03210700004","镀锌铁丝 Φ0.7 ","kg",9.467,6.043,{"v":0,"d":"0.00"},57.21,""]
["","本页小计","","元","",{"v":0,"d":"0.00"},{"v":0,"d":"0.00"},41073.96,""]
["","","","元","",{"v":0,"d":"0.00"},{"v":0,"d":"0.00"},{"v":0,"d":"0.00"},""]
["注：招标控制价、投标报价、竣工结算通用表。","","","","",{"v":0,"d":"0.00"},{"v":0,"d":"0.00"},{"v":0,"d":"0.00"},""]
["","","","","","","","",""]
["","","","投标人:","","","(盖章)",{"v":0,"d":"0.00"},""]
["","","","法定代表人或委托代理人:","","","(签章或盖章)","",""]
["","","","注册造价工程师:","","","(签字并盖造价工程师执业专业章)","",""]
["","",{"v":0,"d":"0.00"},{"v":0,"d":"0.00"},"","","","",""]
["","","","","","","","",""]
["E.40：人工、材料、机械汇总表","","","","","","","",""]
["工程名称：建筑工程 标段：","","","","","","","第2页、共6页",""]
["序号","编码","名称(材料、机械规格型号)","单位","数量","单价\n(元)","","合价(元)","备注"]
["28","03210700013","镀锌铁丝 Φ4.0 ","kg",0.208,6.043,{"v":0,"d":"0.00"},1.26,""]
["29","03210700017","镀锌铁丝 Φ1.4-2.5 ","kg",0.385,6.043,{"v":0,"d":"0.00"},2.33,""]
["30","03210900002","垫铁 综合 ","kg",16.202,7.782,{"v":0,"d":"0.00"},126.08,""]
["31","03210900014","其他铁件 综合 ","kg",2.168,6.495,{"v":0,"d":"0.00"},14.08,""]
["32","03210900015","铁件 综合 ","kg",12.217,7.963,{"v":0,"d":"0.00"},97.28,""]
["33","03211300003","吊装夹具 ","套",0.01,174.926,{"v":0,"d":"0.00"},1.75,""]
["34","04010100001","普通硅酸盐水泥(P·O) 42.5级 ","kg",664.783,0.441,{"v":0,"d":"0.00"},293.17,""]
["35","04010400001","白水泥 ","kg",0.667,0.802,{"v":0,"d":"0.00"},0.53,""]
["36","04030400001","粗净砂 ","m3",1.494,134.68,{"v":0,"d":"0.00"},201.21,""]
["37","04031100003","河砂 综合 ","m3",0.096,134.68,{"v":0,"d":"0.00"},12.93,""]
["38","04050100001","碎石 ","m3",13.44,134.68,{"v":0,"d":"0.00"},{"v":1810.1,"d":"1810.10"},""]
["39","04130100006","标准砖 240×115×53 ","m3",0.235,446.762,{"v":0,"d":"0.00"},104.99,""]
["40","04171300002","合成树脂瓦 2.5mm厚 ","m2",161.662,41.227,{"v":0,"d":"0.00"},6664.84,""]
["41","04171300009","合成树脂平板形脊瓦 ","块",42.427,43.678,{"v":0,"d":"0.00"},1853.13,""]
["42","04290100001~1","300*300*10mm花岗岩板 ","m2",48.96,50.828,{"v":0,"d":"0.00"},2488.54,""]
["43","05010100001","杉原木 ","m3",0.003,1596.294,{"v":0,"d":"0.00"},4.79,""]
["44","05030100002","杉木锯材 ","m3",0.37,2066.985,{"v":0,"d":"0.00"},764.78,""]
["45","07010100015","瓷板 152mm×152mm ","m2",2.078,24.849,{"v":0,"d":"0.00"},51.64,""]
["46","08010000003~1","火烧板台阶 ","m2",3.177,73.418,{"v":0,"d":"0.00"},233.25,""]
["47","12410100001","塑料扁形标志牌 100×150 ","个",4.992,4.959,{"v":0,"d":"0.00"},24.76,""]
["48","13010900010","环氧富锌底漆 ","kg",0.524,14.119,{"v":0,"d":"0.00"},{"v":7.4,"d":"7.40"},""]
["49","13050300002","醇酸防锈漆 红丹 ","kg",0.113,14.04,{"v":0,"d":"0.00"},1.59,""]
["50","13371100001","土工布 ","m2",5.988,7.748,{"v":0,"d":"0.00"},{"v":46.4,"d":"46.40"},""]
["51","14030100001","汽油 ","kg",0.832,12.425,{"v":0,"d":"0.00"},10.34,""]
["52","14311500001","丙酮 ","kg",0.356,7.455,{"v":0,"d":"0.00"},2.65,""]
["53","14312100003","漂白粉 ","kg",0.014,1.491,{"v":0,"d":"0.00"},0.02,""]
["54","14352300008","稀释剂 ","kg",0.042,14.909,{"v":0,"d":"0.00"},0.63,""]
["55","14353500012","隔离剂 ","kg",11.55,5.094,{"v":0,"d":"0.00"},58.84,""]
["","本页小计","","元","",{"v":0,"d":"0.00"},{"v":0,"d":"0.00"},14879.29,""]
["","","","元","",{"v":0,"d":"0.00"},{"v":0,"d":"0.00"},{"v":0,"d":"0.00"},""]
["注：招标控制价、投标报价、竣工结算通用表。","","","","",{"v":0,"d":"0.00"},{"v":0,"d":"0.00"},{"v":0,"d":"0.00"},""]
["","","","","","","","",""]
["","","","投标人:","","","(盖章)",{"v":0,"d":"0.00"},""]
["","","","法定代表人或委托代理人:","","","(签章或盖章)","",""]
["","","","注册造价工程师:","","","(签字并盖造价工程师执业专业章)","",""]
["","",{"v":0,"d":"0.00"},{"v":0,"d":"0.00"},"","","","",""]
["","","","","","","","",""]
["E.40：人工、材料、机械汇总表","","","","","","","",""]
["工程名称：建筑工程 标段：","","","","","","","第3页、共6页",""]
["序号","编码","名称(材料、机械规格型号)","单位","数量","单价\n(元)","","合价(元)","备注"]
["56","14390700001","乙炔气 ","kg",0.006,19.371,{"v":0,"d":"0.00"},0.12,""]
["57","14390900001","氧气 ","m3",0.017,6.63,{"v":0,"d":"0.00"},0.11,""]
["58","14391900005","二氧化碳气体 ","m3",0.989,6.212,{"v":0,"d":"0.00"},6.14,""]
["59","14410000011","建筑胶 ","kg",0.482,2.824,{"v":0,"d":"0.00"},1.36,""]
["60","14410000031","粘接剂 ","kg",0.228,15.881,{"v":0,"d":"0.00"},3.62,""]
["61","14430300015","塑料粘胶带 20mm×50m ","卷",5.198,3.106,{"v":0,"d":"0.00"},16.14,""]
["62","17010500001","焊接钢管 综合 ","kg",424.84,{"v":4.8,"d":"4.80"},{"v":0,"d":"0.00"},2039.23,""]
["63","17010500011","焊接钢管 DN20 ","m",0.059,7.827,{"v":0,"d":"0.00"},0.46,""]
["64","17250200007","PVC塑料排水管 dn160 ","m",13.491,30.497,{"v":0,"d":"0.00"},411.44,""]
["65","17270100004","橡胶软管 DN20 ","m",0.027,3.908,{"v":0,"d":"0.00"},0.11,""]
["66","17270100007","橡胶压力管 ","m",0.17,30.982,{"v":0,"d":"0.00"},5.27,""]
["67","17270300003","高压橡胶管 D25 ","m",0.01,12.492,{"v":0,"d":"0.00"},0.12,""]
["68","17310100003","泵管 ","m",0.246,5.896,{"v":0,"d":"0.00"},1.45,""]
["69","18090700004","PVC直通接头 De160 ","个",{"v":3.2,"d":"3.20"},{"v":11.6,"d":"11.60"},{"v":0,"d":"0.00"},37.12,""]
["70","18211300003","伸缩节 DN160 ","个",1.434,29.774,{"v":0,"d":"0.00"},{"v":42.7,"d":"42.70"},""]
["71","18250300034","卡箍 （泵管用） ","个",0.113,91.964,{"v":0,"d":"0.00"},10.39,""]
["72","19030100003","螺纹闸阀 Z15T-10 DN20 ","个",0.018,33.783,{"v":0,"d":"0.00"},0.61,""]
["73","24110100002","压力表 Y-100、0MPa-1.6MPa ","块",0.009,49.98,{"v":0,"d":"0.00"},0.45,""]
["74","24110300005","压力表弯管 DN15 ","个",0.009,9.036,{"v":0,"d":"0.00"},0.08,""]
["75","29062100014","镀锌电缆固定卡子 3×100 ","个",17.805,5.286,{"v":0,"d":"0.00"},94.12,""]
["76","33050900002","镀锌铁皮檐沟 ","m",{"v":70,"d":"70.00"},13.554,{"v":0,"d":"0.00"},948.78,""]
["77","34110100002","水 ","t",26.759,4.223,{"v":0,"d":"0.00"},{"v":113,"d":"113.00"},""]
["78","34110200001","电 ","kW¡¤h",9.34,0.848,{"v":0,"d":"0.00"},7.92,""]
["79","35010300001","木模板 ","m3",0.077,2082.041,{"v":0,"d":"0.00"},160.32,""]
["80","35010300002","木模板 2440×1220×15 ","m2",{"v":28.5,"d":"28.50"},41.464,{"v":0,"d":"0.00"},1181.72,""]
["81","35130300001","千斤顶 ","台",0.01,1239.502,{"v":0,"d":"0.00"},{"v":12.4,"d":"12.40"},""]
["82","36053500001","花岗岩汀步板 50mm厚（芝麻灰） ","m2",9.18,203.31,{"v":0,"d":"0.00"},1866.39,""]
["","本页小计","","元","",{"v":0,"d":"0.00"},{"v":0,"d":"0.00"},6961.57,""]
["","","","元","",{"v":0,"d":"0.00"},{"v":0,"d":"0.00"},{"v":0,"d":"0.00"},""]
["注：招标控制价、投标报价、竣工结算通用表。","","","","",{"v":0,"d":"0.00"},{"v":0,"d":"0.00"},{"v":0,"d":"0.00"},""]
["","","","","","","","",""]
["","","","投标人:","","","(盖章)",{"v":0,"d":"0.00"},""]
["","","","法定代表人或委托代理人:","","","(签章或盖章)","",""]
["","","","注册造价工程师:","","","(签字并盖造价工程师执业专业章)","",""]
["","",{"v":0,"d":"0.00"},{"v":0,"d":"0.00"},"","","","",""]
["","","","","","","","",""]
["E.40：人工、材料、机械汇总表","","","","","","","",""]
["工程名称：建筑工程 标段：","","","","","","","第4页、共6页",""]
["序号","编码","名称(材料、机械规格型号)","单位","数量","单价\n(元)","","合价(元)","备注"]
["83","88010300002","钢支架摊销 ","kg",0.167,{"v":5.8,"d":"5.80"},{"v":0,"d":"0.00"},0.97,""]
["84","88010500001","其他材料费 ","元",1279.788,1.13,{"v":0,"d":"0.00"},1446.16,""]
["85","BC000001","弃土场手续费 ","m3",55.72,{"v":15,"d":"15.00"},{"v":0,"d":"0.00"},{"v":835.8,"d":"835.80"},""]
["86","BC000002","手孔井修补 ","座",{"v":1,"d":"1.00"},{"v":350,"d":"350.00"},{"v":0,"d":"0.00"},{"v":350,"d":"350.00"},""]
["87","80210400004","商品混凝土（砾石） C25 ","m3",6.12,398.86,{"v":0,"d":"0.00"},2441.02,""]
["88","80210400005","商品混凝土（砾石） C30 ","m3",19.184,409.22,{"v":0,"d":"0.00"},7850.48,""]
["89","WJJ172567~1","塑料给水管 PPR-DN25","m",{"v":40.8,"d":"40.80"},9.036,{"v":0,"d":"0.00"},368.67,""]
["90","WJJ172568~1","塑料排水管 PVC-DN75","m",39.72,16.943,{"v":0,"d":"0.00"},672.98,""]
["91","WJJ172577","半硬塑料管 ","m",{"v":84.8,"d":"84.80"},16.943,{"v":0,"d":"0.00"},1436.77,""]
["92","WJJ180919~1","室外塑料给水管热熔管件 PPR-DN25","个",11.32,3.389,{"v":0,"d":"0.00"},38.36,""]
["93","WJJ182510~1","硬聚氯乙烯排水塑料管管箍 PVC-DN75","个",{"v":2.6,"d":"2.60"},5.648,{"v":0,"d":"0.00"},14.68,""]
["94","JX001","其他机械费 ","元",45.507,{"v":1,"d":"1.00"},{"v":0,"d":"0.00"},45.51,""]
["95","JX002","电焊机（综合） ","台班",0.005,75.63,{"v":0,"d":"0.00"},0.38,""]
["96","J1-35","电动夯实机 夯击能量(N·m) 250 小型","台班",3.874,29.04,{"v":0,"d":"0.00"},{"v":112.5,"d":"112.50"},""]
["97","J1-48","手持式风动凿岩机 小型","台班",5.088,12.23,{"v":0,"d":"0.00"},62.23,""]
["98","J3-19","汽车式起重机 提升质量(t) 8 大型","台班",0.062,1081.74,{"v":0,"d":"0.00"},67.07,""]
["99","J3-20","汽车式起重机 提升质量(t) 10 大型","台班",0.21,1229.14,{"v":0,"d":"0.00"},258.12,""]
["100","J3-22","汽车式起重机 提升质量(t) 16 大型","台班",0.032,1454.43,{"v":0,"d":"0.00"},46.54,""]
["101","J3-23","汽车式起重机 提升质量(t) 20 大型","台班",0.073,1596.59,{"v":0,"d":"0.00"},116.55,""]
["102","J3-54","门式起重机 提升质量(t) 10 大型","台班",0.37,605.39,{"v":0,"d":"0.00"},223.99,""]
["103","J3-55","门式起重机 提升质量(t) 20 大型","台班",0.064,886.14,{"v":0,"d":"0.00"},56.71,""]
["","本页小计","","元","",{"v":0,"d":"0.00"},{"v":0,"d":"0.00"},16445.49,""]
["","","","元","",{"v":0,"d":"0.00"},{"v":0,"d":"0.00"},{"v":0,"d":"0.00"},""]
["注：招标控制价、投标报价、竣工结算通用表。","","","","",{"v":0,"d":"0.00"},{"v":0,"d":"0.00"},{"v":0,"d":"0.00"},""]
["","","","","","","","",""]
["","","","投标人:","","","(盖章)",{"v":0,"d":"0.00"},""]
["","","","法定代表人或委托代理人:","","","(签章或盖章)","",""]
["","","","注册造价工程师:","","","(签字并盖造价工程师执业专业章)","",""]
["","",{"v":0,"d":"0.00"},{"v":0,"d":"0.00"},"","","","",""]
["","","","","","","","",""]
["E.40：人工、材料、机械汇总表","","","","","","","",""]
["工程名称：建筑工程 标段：","","","","","","","第5页、共6页",""]
["序号","编码","名称(材料、机械规格型号)","单位","数量","单价\n(元)","","合价(元)","备注"]
["104","J4-4","载重汽车 装载质量(t) 5 中型","台班",0.262,614.58,{"v":0,"d":"0.00"},161.02,""]
["105","J4-5","载重汽车 装载质量(t) 6 中型","台班",0.239,639.34,{"v":0,"d":"0.00"},{"v":152.8,"d":"152.80"},""]
["106","J4-12","自卸汽车 装载质量(t) 8 中型","台班",1.03,1017.41,{"v":0,"d":"0.00"},1047.93,""]
["107","J4-17","平板拖车组 装载质量(t) 20 大型","台班",0.049,1413.06,{"v":0,"d":"0.00"},69.24,""]
["108","J4-32","轨道平车 装载质量(t) 10 中型","台班",0.119,70.16,{"v":0,"d":"0.00"},8.35,""]
["109","J4-33","洒水车 罐容量(L) 4000 中型","台班",0.043,645.28,{"v":0,"d":"0.00"},27.75,""]
["110","J6-6","混凝土汽车式输送泵 输送长度(m) 37 大型","台班",0.038,5533.15,{"v":0,"d":"0.00"},210.26,""]
["111","J6-8","混凝土输送泵 输送量(m3/h) 45 大型","台班",0.132,901.93,{"v":0,"d":"0.00"},119.05,""]
["112","J6-10","混凝土布料机 小型","台班",0.189,172.01,{"v":0,"d":"0.00"},32.51,""]
["113","J6-12","灰浆搅拌机 拌筒容量(L) 200 小型","台班",0.259,{"v":183.2,"d":"183.20"},{"v":0,"d":"0.00"},47.45,""]
["114","J6-14","干混砂浆罐式搅拌机 200(L) 小型","台班",0.006,237.61,{"v":0,"d":"0.00"},1.43,""]
["115","J6-22","混凝土振动器 附着式 小型","台班",0.54,10.57,{"v":0,"d":"0.00"},5.71,""]
["116","J7-1","钢筋调直机 直径(mm) 14 小型","台班",0.163,43.67,{"v":0,"d":"0.00"},7.12,""]
["117","J7-2","钢筋切断机 直径(mm) 40 小型","台班",0.221,{"v":49.3,"d":"49.30"},{"v":0,"d":"0.00"},{"v":10.9,"d":"10.90"},""]
["118","J7-3","钢筋弯曲机 直径(mm) 40 小型","台班",0.773,29.84,{"v":0,"d":"0.00"},23.07,""]
["119","J7-12","木工圆锯机 直径(mm) 500 小型","台班",0.049,29.62,{"v":0,"d":"0.00"},1.45,""]
["120","J7-36","摇臂钻床 钻孔直径(mm) 50 小型","台班",0.106,33.19,{"v":0,"d":"0.00"},3.52,""]
["121","J7-45","剪板机 厚度×宽度(mm) 20×2500 中型","台班",0.011,372.94,{"v":0,"d":"0.00"},{"v":4.1,"d":"4.10"},""]
["122","J7-73","管子切断机 管径(mm) 250 小型","台班",0.074,55.53,{"v":0,"d":"0.00"},4.11,""]
["123","J7-78","型钢剪断机 剪断宽度(mm) 500 中型","台班",0.051,295.71,{"v":0,"d":"0.00"},15.08,""]
["124","J7-79","型钢矫正机 厚度×宽度(mm) 60×800 小型","台班",0.051,244.52,{"v":0,"d":"0.00"},12.47,""]
["","本页小计","","元","",{"v":0,"d":"0.00"},{"v":0,"d":"0.00"},1965.31,""]
["","","","元","",{"v":0,"d":"0.00"},{"v":0,"d":"0.00"},{"v":0,"d":"0.00"},""]
["注：招标控制价、投标报价、竣工结算通用表。","","","","",{"v":0,"d":"0.00"},{"v":0,"d":"0.00"},{"v":0,"d":"0.00"},""]
["","","","","","","","",""]
["","","","投标人:","","","(盖章)",{"v":0,"d":"0.00"},""]
["","","","法定代表人或委托代理人:","","","(签章或盖章)","",""]
["","","","注册造价工程师:","","","(签字并盖造价工程师执业专业章)","",""]
["","",{"v":0,"d":"0.00"},{"v":0,"d":"0.00"},"","","","",""]
["","","","","","","","",""]
["E.40：人工、材料、机械汇总表","","","","","","","",""]
["工程名称：建筑工程 标段：","","","","","","","第6页、共6页",""]
["序号","编码","名称(材料、机械规格型号)","单位","数量","单价\n(元)","","合价(元)","备注"]
["125","J7-102","岩石切割机 功率(kW) 3 小型","台班",0.168,49.13,{"v":0,"d":"0.00"},8.25,""]
["126","J8-2","电动单级离心清水泵 出口直径(mm) 100 小型","台班",0.002,39.84,{"v":0,"d":"0.00"},0.08,""]
["127","J8-32","试压泵 压力(MPa) 30 小型","台班",0.01,25.27,{"v":0,"d":"0.00"},0.25,""]
["128","J9-2","交流弧焊机 容量(kV·A) 32 小型","台班",0.888,100.45,{"v":0,"d":"0.00"},{"v":89.2,"d":"89.20"},""]
["129","J9-4","交流弧焊机 容量(kV·A) 42 小型","台班",3.106,{"v":140.5,"d":"140.50"},{"v":0,"d":"0.00"},436.39,""]
["130","J9-11","直流弧焊机 容量(kV·A) 32 小型","台班",0.69,106.22,{"v":0,"d":"0.00"},73.29,""]
["131","J9-14","点焊机 容量(kV·A) 75 小型","台班",0.079,{"v":160.4,"d":"160.40"},{"v":0,"d":"0.00"},12.67,""]
["132","J9-17","对焊机 容量(kV·A) 10 小型","台班",0.143,31.67,{"v":0,"d":"0.00"},4.53,""]
["133","J9-35","二氧化碳气体保护焊机 电流(A) 500 小型","台班",0.098,{"v":136.1,"d":"136.10"},{"v":0,"d":"0.00"},13.34,""]
["134","J9-40","电焊条烘干箱 容量(cm3) 45×35×45 小型","台班",0.059,19.47,{"v":0,"d":"0.00"},1.15,""]
["135","J10-13","内燃空气压缩机 排气量(m3/min) 3 小型","台班",3.007,{"v":366.5,"d":"366.50"},{"v":0,"d":"0.00"},1102.07,""]
["136","J12-9","组合烘箱 小型","台班",0.75,{"v":143.4,"d":"143.40"},{"v":0,"d":"0.00"},107.55,""]
["137","Y10-7","高压绝缘电阻测试仪 量程∶0.05-50Ω,1-100mΩ,1000V ","台班",0.146,37.05,{"v":0,"d":"0.00"},5.41,""]
["","","","元",{"v":0,"d":"0.00"},{"v":0,"d":"0.00"},{"v":0,"d":"0.00"},{"v":0,"d":"0.00"},""]
["","本页小计","","元","",{"v":0,"d":"0.00"},{"v":0,"d":"0.00"},1854.18,""]
["","合    计","","元","",{"v":0,"d":"0.00"},{"v":0,"d":"0.00"},{"v":83179.8,"d":"83179.80"},""]
["注：招标控制价、投标报价、竣工结算通用表。","","","","",{"v":0,"d":"0.00"},{"v":0,"d":"0.00"},{"v":0,"d":"0.00"},""]
["","","","","","","","",""]
["","","","投标人:","","","(盖章)",{"v":0,"d":"0.00"},""]
["","","","法定代表人或委托代理人:","","","(签章或盖章)","",""]
["","","","注册造价工程师:","","","(签字并盖造价工程师执业专业章)","",""]
["","",{"v":0,"d":"0.00"},{"v":0,"d":"0.00"},"","","","",""]
["","","","","","","","",""]